Políticas para erradicar la extrema pobreza en Chile, 1973-1988.

Analýza, formulácie a plnenie sociálnych programov na odstránenie extrémnej biedy v Chile v rokoch 1973-1988 - výsledky. Účinnosť mechanizmov identifikácie užívateľov podpôr a subvencií. Význam operatívnej kapacity zodpovedných verejných orgánov pri rozdeľovaní subvencií. Centralizácia a decentraliz...

Description complète

Enregistré dans:
Détails bibliographiques
Auteur principal: Vergara, P.
Format: Chapitre de livre
Langue:espagnol
Sujets:
Tags: Ajouter un tag
Pas de tags, Soyez le premier à ajouter un tag!

MARC

LEADER 00000naa a2200000 4500
001 r009442
005 20221130112620.2
041 0 |a spa 
044 |a MX 
245 1 0 |a Políticas para erradicar la extrema pobreza en Chile, 1973-1988.  |c P. Vergara 
520 |a Analýza, formulácie a plnenie sociálnych programov na odstránenie extrémnej biedy v Chile v rokoch 1973-1988 - výsledky. Účinnosť mechanizmov identifikácie užívateľov podpôr a subvencií. Význam operatívnej kapacity zodpovedných verejných orgánov pri rozdeľovaní subvencií. Centralizácia a decentralizácia subvencií. Úloha štátu a trhu. 
610 2 0 |a programy sociálne 
610 2 0 |a politika sociálna 
610 2 0 |a rozvoj sociálny 
610 2 0 |a chudoba 
610 2 0 |a Čile 
610 2 0 |a 1973-1988 
610 2 0 |a subvencie 
610 2 0 |a podpory 
610 2 0 |a centralizácia 
610 2 0 |a decentralizácia 
100 1 |a Vergara, P.